000
00273nam a22001217a 4500
082
_a
926.2
_b
SPE
100
_a
Spencer Herbert
_9
50493
245
_a
An autobigraphy
250
_a
1st
526
_a
0
_b
0
_c
0
_d
926_200000000000000_SPE
650
_a
MCE
_9
379
942
_2
ddc
_c
BK
999
_c
553315
_d
553315